00484nam a2200145 a 450000500170000000800410001702000140005805000230007210000190009524500940011426000870020830000210029552100080031665000140032420140310183210.0030423s19uu xx 00 eng d a086664038 aRC 660b.D687 1981 aDonsbach, Kurt aDr. Donsbach tells you what you always wanted to know about Diabetes /cKurt W. Donsbach. c1981.aHuntington Beach :bThe international Institute of natural health sciences, a49 p. :c21 cm.  aNUR aDiabetes.